000
00329pab a2200133 454500
008
180718b2001 xxu||||| |||| 00| 0 eng d
100
_a
Blaney, Susie
245
_a
Gwent police: a holistic approach to health and safety
260
_c
2001
300
_a
p.72-75
650
_a
Police
773
_a
Police Journal
909
_a
47885
999
_c
47885
_d
47885